00453cam a2200169ua 4500001000500000005001700005008003900022040000900061082000800070100004200078245005600120250000900176260004500185300001400230653001400244653002500258233020260515113456.0110806n ii |||gr||||Z||||||eng cMAIN a378 aNewman, John henry cardinal,eAuthor.1 aIdea of a universitycby John Henry cardinal Newman a1st. aNew york:bHoltrinehart and winston,966. a428p:9cm. aEducation aIdea of a university